La secreta misión del 6.21 / (Registro nro. 26681)
[ vista simple ]
| 000 -LEADER | |
|---|---|
| fixed length control field | 01279cam a2200373 i 4500 |
| 001 - CONTROL NUMBER | |
| control field | 26681 |
| 003 - CONTROL NUMBER IDENTIFIER | |
| control field | Mx-PuUPA |
| 005 - DATE AND TIME OF LATEST TRANSACTION | |
| control field | 20250827115147.0 |
| 008 - FIXED-LENGTH DATA ELEMENTS--GENERAL INFORMATION | |
| fixed length control field | 140415s2008 mx gr 000 0 spa d |
| 020 ## - INTERNATIONAL STANDARD BOOK NUMBER | |
| International Standard Book Number | 9789707853409 |
| 020 ## - INTERNATIONAL STANDARD BOOK NUMBER | |
| International Standard Book Number | 9789687791760 |
| Qualifying information | de la colección El Barco de Vapor |
| 040 ## - CATALOGING SOURCE | |
| Original cataloging agency | Mx-PuUPA |
| Language of cataloging | spa |
| Transcribing agency | Mx-PuUPA |
| Modifying agency | Mx-PuUPA |
| Description conventions | rda |
| 041 0# - LANGUAGE CODE | |
| Language code of text/sound track or separate title | spa |
| 100 1# - MAIN ENTRY--PERSONAL NAME | |
| Personal name | Romero, Ana, |
| Dates associated with a name | 1975- |
| 9 (RLIN) | 10761 |
| Relator term | autor |
| 245 13 - TITLE STATEMENT | |
| Title | La secreta misión del 6.21 / |
| Statement of responsibility, etc. | Ana Romero |
| 246 #3 - VARYING FORM OF TITLE | |
| Title proper/short title | La secreta misión del seis veintiuno. |
| 250 ## - EDITION STATEMENT | |
| Edition statement | Cuarta edición |
| 264 #1 - PRODUCTION, PUBLICATION, DISTRIBUTION, MANUFACTURE, AND COPYRIGHT NOTICE | |
| Place of production, publication, distribution, manufacture | México, D. F. : |
| Name of producer, publisher, distributor, manufacturer | SM de Ediciones, |
| Date of production, publication, distribution, manufacture, or copyright notice | 2008 |
| 300 ## - PHYSICAL DESCRIPTION | |
| Extent | 149 páginas ; |
| Dimensions | 19 cm |
| 336 ## - CONTENT TYPE | |
| Fuente | rdacontent |
| Content type term | texto |
| Content type code | txt |
| 337 ## - MEDIA TYPE | |
| Source | rdamedia |
| Media type term | sin medio |
| Media type code | n |
| 338 ## - CARRIER TYPE | |
| Source | rdacarrier |
| Carrier type term | volumen |
| Carrier type code | nc |
| 490 1# - SERIES STATEMENT | |
| Series statement | El barco de vapor. Roja ; |
| Volume/sequential designation | 6 M |
| 500 ## - GENERAL NOTE | |
| General note | "Reimpresiones: (Segunda, 2010). |
| 650 #7 - SUBJECT ADDED ENTRY--TOPICAL TERM | |
| Source of heading or term | armarc |
| Topical term or geographic name entry element | Amistad |
| General subdivision | |
| Form subdivision | Novela juvenil |
| 650 #7 - SUBJECT ADDED ENTRY--TOPICAL TERM | |
| Source of heading or term | armarc |
| Topical term or geographic name entry element | Literatura mexicana |
| 650 #7 - SUBJECT ADDED ENTRY--TOPICAL TERM | |
| Source of heading or term | armarc |
| Topical term or geographic name entry element | Aventuras |
| 655 #7 - INDEX TERM--GENRE/FORM | |
| Source of term | armarc |
| Genre/form data or focus term | Novela infantil |
| 830 #3 - SERIES ADDED ENTRY--UNIFORM TITLE | |
| Uniform title | El barco de vapor. |
| Name of part/section of a work | Roja ; |
| Volume/sequential designation | 6 M |
| 942 ## - ADDED ENTRY ELEMENTS (KOHA) | |
| Source of classification or shelving scheme | Dewey Decimal Classification |
| Koha item type | Libro |
| Classification part | 863 |
| Item part | R756 |
| Withdrawn status | Lost status | Source of classification or shelving scheme | Damaged status | Not for loan | Collection code | Home library | Current library | Shelving location | Date acquired | Source of acquisition | Total Checkouts | Full call number | Barcode | Date last seen | Price effective from | Koha item type |
|---|---|---|---|---|---|---|---|---|---|---|---|---|---|---|---|---|
| Dewey Decimal Classification | En catalogación | General | Biblioteca Karol Wojtyla | Biblioteca Karol Wojtyla | Procesos técnicos | 03/12/2013 | Donación | 863 B 2008 | 49580 | 05/01/2026 | 03/12/2013 | Libro |